The enforcement of adjudicators' awards under the Housing Grants Construction and Regeneration Act 1996 (Record no. 81139)

MARC details
000 -LEADER
fixed length control field 01653cab a22003015a 4500
001 - CONTROL NUMBER
control field L146406
008 - FIXED-LENGTH DATA ELEMENTS--GENERAL INFORMATION
fixed length control field 090116s2008 xxk f 000 0 eng d
035 ## - SYSTEM CONTROL NUMBER
System control number (Sirsi) u146406
041 0# - LANGUAGE CODE
Language code of text/sound track or separate title eng
100 1# - MAIN ENTRY--PERSONAL NAME
Personal name Salmon, Kenneth T.
245 04 - TITLE STATEMENT
Title The enforcement of adjudicators' awards under the Housing Grants Construction and Regeneration Act 1996
Remainder of title part 29
260 ## - PUBLICATION, DISTRIBUTION, ETC.
Date of publication, distribution, etc. 2008
490 #0 - SERIES STATEMENT
Series statement Arbitration
Volume/sequential designation 74(4) 2008, 453-457(5)
520 ## - SUMMARY, ETC.
Summary, etc. Provides commentary on cases which reached the court of enforcement of adjudicator's awards under the Housing Grants Construction Regeneration Act 1996, mainly during 2008. Highlights issues around jurisdiction, the right or obligation to adjudication, natural justice, stay, withholding from payment and set-off against decision. Concludes that the number of cases reaching the court fell during 2008.
590 ## - LOCAL NOTE (RLIN)
Local note KA
650 24 - SUBJECT ADDED ENTRY--TOPICAL TERM
Topical term or geographic name entry element HOUSING GRANTS, CONSTRUCTION AND REGENERATION ACT 1996
650 24 - SUBJECT ADDED ENTRY--TOPICAL TERM
Topical term or geographic name entry element CUBITT BUILDING AND INTERIORS LTD V RICHARDSON ROOFING (INDUSTRIAL) LTD
650 24 - SUBJECT ADDED ENTRY--TOPICAL TERM
Topical term or geographic name entry element EDEBBOOTH LTD V CRE8DEVELOPMENTS LTD
650 24 - SUBJECT ADDED ENTRY--TOPICAL TERM
Topical term or geographic name entry element AVONCROFT CONSTRUCTION LTD V SHARBA HOMES (CN) LTD
650 24 - SUBJECT ADDED ENTRY--TOPICAL TERM
Topical term or geographic name entry element BRAMMALL AND OGDEN LTD V SHEFFIELD CITY COUNCIL
650 24 - SUBJECT ADDED ENTRY--TOPICAL TERM
Topical term or geographic name entry element BALFOUR BEATTY CONSTRUCTION V SERCO LTD
650 24 - SUBJECT ADDED ENTRY--TOPICAL TERM
Topical term or geographic name entry element INTERSERVE INDUSTRIAL SERVICES LTD V CLEVELAND BRIDGE UK LTD
650 24 - SUBJECT ADDED ENTRY--TOPICAL TERM
Topical term or geographic name entry element WIMBLEDON CONSTRUCTION CO 2000 LTD V VAGO
651 #4 - SUBJECT ADDED ENTRY--GEOGRAPHIC NAME
Geographic name England and Wales
Chronological subdivision 1543-
690 ## - LOCAL SUBJECT ADDED ENTRY--TOPICAL TERM (OCLC, RLIN)
Topical term or geographic name as entry element MANAGEMENT-DISPUTE AVOIDANCE, MANAGEMENT AND RESOLUTION-DISPUTE MANAGEMENT AND RESOLUTION-ARBITRATION
690 ## - LOCAL SUBJECT ADDED ENTRY--TOPICAL TERM (OCLC, RLIN)
Topical term or geographic name as entry element MANAGEMENT AND RESOLUTION-ALTERNATIVE DISPUTE RESOLUTION-ADJUDICATION
942 ## - ADDED ENTRY ELEMENTS (KOHA)
Suppress in OPAC 0
Holdings
Withdrawn status Lost status Source of classification or shelving scheme Damaged status Not for loan Home library Current library Shelving location Date acquired Total Checkouts Full call number Barcode Date last seen Copy number Price effective from Koha item type
    Dewey Decimal Classification     London London Journal article 16/01/2009   L146406 146406-1001 06/08/2019 1 06/08/2019 Journal article